|
|
|
|
| LEADER |
02740nim a2200757 i 4500 |
| 001 |
001499488 |
| 003 |
CZ BrMZK |
| 005 |
20160104085438.0 |
| 007 |
sd fungnnmmned |
| 008 |
151201t20152015xr ||nne a n cze |
| 015 |
|
|
|a cnb002756129
|
| 024 |
3 |
|
|a 8590885201828
|
| 028 |
0 |
1 |
|a KN CD 043
|b Karmelitánské nakladatelství
|
| 040 |
|
|
|a BOA001
|b cze
|e rda
|
| 043 |
|
|
|a e-fr---
|
| 045 |
|
|
|a x6y0
|
| 072 |
|
7 |
|a 27
|x Křesťanství. Křesťanská církev všeobecně. Eklesiologie
|2 Konspekt
|9 5
|
| 072 |
|
7 |
|a 929
|x Biografie
|2 Konspekt
|9 8
|
| 080 |
|
|
|a 929
|2 MRF
|
| 080 |
|
|
|a 272-726.3
|2 MRF
|
| 080 |
|
|
|a 2-184.35-051
|2 MRF
|
| 080 |
|
|
|a 78.071.1/.2
|2 MRF
|
| 080 |
|
|
|a 27-184.35
|2 MRF
|
| 080 |
|
|
|a 27-726.3-733
|2 MRF
|
| 080 |
|
|
|a 279.127
|2 MRF
|
| 080 |
|
|
|a 27-46
|2 MRF
|
| 080 |
|
|
|a (44)
|2 MRF
|
| 080 |
|
|
|a (092)
|2 MRF
|
| 080 |
|
|
|a (086.7)08
|2 MRF
|
| 080 |
|
|
|a (086.76)
|2 MRF
|
| 100 |
0 |
|
|a René-Luc,
|d 1966-
|7 jx20130913007
|4 aut
|
| 240 |
1 |
0 |
|a Dieu en plein coeur.
|l Česky
|
| 245 |
1 |
0 |
|a Vychoval mě gangster /
|c P. René-Luc
|
| 264 |
|
1 |
|a Kostelní Vydří :
|b Karmelitánské nakladatelství,
|c 2015
|
| 264 |
|
4 |
|c ℗2015
|
| 300 |
|
|
|a 1 audiodisk (6 hod., 13 min.) ;
|c 12 cm
|
| 306 |
|
|
|a 061300
|
| 336 |
|
|
|a mluvené slovo
|b spw
|2 rdacontent
|
| 337 |
|
|
|a audio
|b s
|2 rdamedia
|
| 338 |
|
|
|a audiodisk
|b sd
|2 rdacarrier
|
| 344 |
|
|
|a digital
|b optical
|2 rda
|
| 347 |
|
|
|a audio soubor
|b MP3
|2 rda
|
| 500 |
|
|
|a Název z disku
|
| 500 |
|
|
|a Přeloženo z francouzštiny
|
| 500 |
|
|
|a Technika záznamu DDD
|
| 511 |
0 |
|
|a Čte Igor Dostálek
|
| 518 |
|
|
|a Nahrávku vyrobilo Radio proglas
|
| 600 |
0 |
7 |
|a René-Luc,
|d 1966-
|7 jx20130913007
|2 czenas
|
| 648 |
|
4 |
|a 1966-2008
|
| 648 |
|
7 |
|a 20. století
|7 ch460558
|2 czenas
|
| 648 |
|
7 |
|a 20.-21. století
|7 ch462155
|2 czenas
|
| 650 |
0 |
7 |
|a katoličtí kněží
|7 ph114899
|z Francie
|y 20.-21. století
|2 czenas
|
| 650 |
0 |
7 |
|a náboženští konvertité
|7 ph123389
|z Francie
|y 20.-21. století
|2 czenas
|
| 650 |
0 |
7 |
|a rockoví hudebníci
|7 ph125178
|z Francie
|y 20.-21. století
|2 czenas
|
| 650 |
0 |
7 |
|a náboženské konverze
|7 ph123377
|z Francie
|y 20. století
|2 czenas
|
| 650 |
0 |
7 |
|a kněžství
|7 ph121685
|z Francie
|y 20.-21. století
|2 czenas
|
| 650 |
0 |
7 |
|a charismatická hnutí
|7 ph119127
|z Francie
|y 20.-21. století
|2 czenas
|
| 650 |
0 |
7 |
|a pastorace
|7 ph123988
|z Francie
|y 20.-21. století
|2 czenas
|
| 655 |
|
7 |
|a autobiografie
|7 fd131855
|2 czenas
|
| 655 |
|
7 |
|a audioknihy
|7 fd119452
|2 czenas
|
| 655 |
|
7 |
|a kompaktní desky
|7 fd201991
|2 czenas
|
| 700 |
1 |
|
|a Dostálek, Igor
|7 hka2013772748
|4 stl
|
| 910 |
|
|
|a BOA001
|b CDR-1358.205
|
| 990 |
|
|
|a AV
|
| 991 |
|
|
|b 201601
|c NOV
|
| 996 |
6 |
|
|b 2610652401
|c CDR-1358.205
|l MZK
|r Sklad / do 24 hodin
|n 0
|p p.v.
|w 001534898
|u 000010
|a 1
|e BOA001
|j MZK50
|s P
|